Central Library OPAC University of Rajshahi

Skill training opportunities for rural women : (Record no. 56446)

MARC details
000 -LEADER
fixed length control field 00841nam a2200241 a 4500
001 - CONTROL NUMBER
control field 56446
003 - CONTROL NUMBER IDENTIFIER
rucl marc code BD-RjUL
005 - DATE AND TIME OF LATEST TRANSACTION
control field 20211209080409.0
008 - FIXED-LENGTH DATA ELEMENTS--GENERAL INFORMATION
fixed length control field 011029s2000 bg b 000 0 eng
020 ## - INTERNATIONAL STANDARD BOOK NUMBER
International Standard Book Number 9895591175
Terms of availability : Tk. 65.00
035 ## - SYSTEM CONTROL NUMBER
System control number (BD-RjUL)56570
040 ## - CATALOGING SOURCE
Original cataloging agency DLC
Transcribing agency DLC
Modifying agency BD-RjUL
Language of cataloging eng
041 ## - LANGUAGE CODE
Language code of text/sound track or separate title eng
082 ## - DEWEY DECIMAL CLASSIFICATION NUMBER
Edition number 23
Classification number 331.2592095492
Author mark and year ISS 2000
100 1# - MAIN ENTRY--PERSONAL NAME
Personal name Islam, Md. Shafiqul,
Dates associated with a name 1962-
9 (RLIN) 167890
245 10 - TITLE STATEMENT
Title Skill training opportunities for rural women :
Remainder of title problems and prospects /
Statement of responsibility, etc. Md. Shafiqul Islam, Ranjan Kumar Guha, Begum Nurun Naher.
260 ## - PUBLICATION, DISTRIBUTION, ETC. (IMPRINT)
Place of publication, distribution, etc. Comilla :
Name of publisher, distributor, etc. Bangladesh Academy for Rural Development ,
Date of publication, distribution, etc. 2000.
300 ## - PHYSICAL DESCRIPTION
Pagination 111 p. ;
Size 23 cm.
650 #0 - SUBJECT ADDED ENTRY--TOPICAL TERM
Topical term or geographic name as entry element Occupational training for women
Geographic subdivision Bangladesh.
9 (RLIN) 167891
700 1# - ADDED ENTRY--PERSONAL NAME
Personal name Guha, Ranjan Kumar.
Personal name Naher, Begum Nurun.
942 ## - ADDED ENTRY ELEMENTS (KOHA)
Source of classification or shelving scheme Dewey Decimal Classification
Koha item type Books
Holdings
Lost status Source of classification or shelving scheme Damaged status Not for loan Collection code Permanent Location Current Location Shelving location Date acquired Source of acquisition Cost, normal purchase price Total Checkouts Full call number Date last seen Copy number Koha item type
  Dewey Decimal Classification   Not For Loan Non-fiction Central Library, University of Rajshahi Central Library, University of Rajshahi   28/10/2007 Bangladesh polli Unnoyon Academy, 65.00   331.2592095492 ISS 2000 29/11/2016 C-1 Books